<?xml version="1.0" encoding="UTF-8"?>
<record
    xmlns:xsi="http://www.w3.org/2001/XMLSchema-instance"
    xsi:schemaLocation="http://www.loc.gov/MARC21/slim http://www.loc.gov/standards/marcxml/schema/MARC21slim.xsd"
    xmlns="http://www.loc.gov/MARC21/slim">

  <leader>00682nam a2200205Ia 4500</leader>
  <controlfield tag="003">OSt</controlfield>
  <controlfield tag="005">20250818143828.0</controlfield>
  <datafield tag="020" ind1=" " ind2=" ">
    <subfield code="a">978-93-85915-48-2</subfield>
  </datafield>
  <datafield tag="040" ind1=" " ind2=" ">
    <subfield code="c">LC</subfield>
  </datafield>
  <datafield tag="050" ind1=" " ind2=" ">
    <subfield code="a">QM 23 .C 354 2016 V.3</subfield>
    <subfield code="b">1</subfield>
  </datafield>
  <datafield tag="100" ind1=" " ind2=" ">
    <subfield code="a">CHIEF EDITOR: KRISHNA GARG </subfield>
  </datafield>
  <datafield tag="245" ind1=" " ind2="0">
    <subfield code="a"> BD CHAURASIA'S HUMAN ANATOMY : REGIONAL AND APPLIED, DISSECTION AND CLINICAL:HEAD AND NECK</subfield>
  </datafield>
  <datafield tag="250" ind1=" " ind2=" ">
    <subfield code="a">7</subfield>
  </datafield>
  <datafield tag="260" ind1=" " ind2=" ">
    <subfield code="a">NEW DELHI, </subfield>
    <subfield code="b">CBS PUBLISHERS &amp; DISTRIBUTORS PVT LTD,</subfield>
    <subfield code="c">2016,</subfield>
  </datafield>
  <datafield tag="300" ind1=" " ind2=" ">
    <subfield code="a">XiV, 338 P, ILL</subfield>
  </datafield>
  <datafield tag="500" ind1=" " ind2=" ">
    <subfield code="a">INCLUDES BIBLIOGRAPHICAL REFERENCES AND INDEX</subfield>
  </datafield>
  <datafield tag="650" ind1=" " ind2=" ">
    <subfield code="a"> Medical Sciences, Biology Textbook</subfield>
  </datafield>
  <datafield tag="700" ind1=" " ind2=" ">
    <subfield code="a">EDITORS: PRAGATI SHEEL MITTAL, MRUDULA CHANDRUPATLA</subfield>
  </datafield>
  <datafield tag="942" ind1=" " ind2=" ">
    <subfield code="c">BK</subfield>
    <subfield code="2">lcc</subfield>
    <subfield code="n">0</subfield>
  </datafield>
  <datafield tag="999" ind1=" " ind2=" ">
    <subfield code="c">192811</subfield>
    <subfield code="d">192811</subfield>
  </datafield>
  <datafield tag="952" ind1=" " ind2=" ">
    <subfield code="0">0</subfield>
    <subfield code="1">0</subfield>
    <subfield code="2">lcc</subfield>
    <subfield code="4">0</subfield>
    <subfield code="7">0</subfield>
    <subfield code="8">MED</subfield>
    <subfield code="a">KSUL</subfield>
    <subfield code="b">KSUL</subfield>
    <subfield code="c">DISPLAY</subfield>
    <subfield code="d">2023-09-15</subfield>
    <subfield code="i">094025</subfield>
    <subfield code="l">7</subfield>
    <subfield code="m">2</subfield>
    <subfield code="o">QM 23 .C 354 2016 V. 3</subfield>
    <subfield code="p">041315</subfield>
    <subfield code="r">2026-01-23 16:05:05</subfield>
    <subfield code="s">2026-01-09</subfield>
    <subfield code="t">2</subfield>
    <subfield code="w">2023-09-15</subfield>
    <subfield code="y">BK</subfield>
  </datafield>
  <datafield tag="952" ind1=" " ind2=" ">
    <subfield code="0">0</subfield>
    <subfield code="1">0</subfield>
    <subfield code="2">lcc</subfield>
    <subfield code="4">0</subfield>
    <subfield code="7">0</subfield>
    <subfield code="8">MED</subfield>
    <subfield code="a">KSUL</subfield>
    <subfield code="b">KSUL</subfield>
    <subfield code="c">DISPLAY</subfield>
    <subfield code="d">2025-09-08</subfield>
    <subfield code="i">094024</subfield>
    <subfield code="l">3</subfield>
    <subfield code="m">1</subfield>
    <subfield code="o">QM 23 .C 354 2016 V. 3</subfield>
    <subfield code="p">041314</subfield>
    <subfield code="r">2026-01-05 14:55:29</subfield>
    <subfield code="s">2025-12-11</subfield>
    <subfield code="t">1</subfield>
    <subfield code="w">2025-09-08</subfield>
    <subfield code="y">BK</subfield>
  </datafield>
</record>
